000 00539nam a2200217Ia 4500
003 OSt
005 20220928144130.0
006 a|||||r|||| 00| 0
007 ta
008 220927b |||||||| |||| 00| 0 eng d
024 _a24428
037 _cTextual
040 _aSDCL
_cSDCL
_beng
041 _2eng
_aeng
082 _aO15,1J3,1, N3
100 _aVenkatadhavar
_9507059
245 0 _aRaghava - Yadaviyam kavyam.
260 _c1993
942 _hO15,1J3,1, N3
_cTEXL
_2CC
999 _c826342
_d826342